Raising poultry the modern way
Wedi'i Gadw mewn:
| Prif Awdur: | |
|---|---|
| Fformat: | Llyfr |
| Iaith: | Undetermined |
| Cyhoeddwyd: |
Pownal, Vermont
Storey Communications
1990
|
| Pynciau: | |
| Tagiau: |
Ychwanegu Tag
Dim Tagiau, Byddwch y cyntaf i dagio'r cofnod hwn!
|
| Thư viện lưu trữ: | Trung tâm Học liệu Trường Đại học Cần Thơ |
|---|
| LEADER | 00484nam a2200181Ia 4500 | ||
|---|---|---|---|
| 001 | CTU_126124 | ||
| 008 | 210402s9999 xx 000 0 und d | ||
| 082 | |a 636.5 | ||
| 082 | |b M555 | ||
| 100 | |a Mercia, Leonard S. | ||
| 245 | 0 | |a Raising poultry the modern way | |
| 245 | 0 | |c Leonard S. Mercia | |
| 260 | |a Pownal, Vermont | ||
| 260 | |b Storey Communications | ||
| 260 | |c 1990 | ||
| 650 | |a Poultry | ||
| 904 | |i Nguyên | ||
| 980 | |a Trung tâm Học liệu Trường Đại học Cần Thơ | ||